| 000 | 02637cam a22006734i 4500 | ||
|---|---|---|---|
| 003 | PE-LiUPU | ||
| 005 | 20250731170454.0 | ||
| 008 | 150706s1998 sp a rb 000 0 spa d | ||
| 020 | _a9788436812190 | ||
| 035 | _a(Sirsi) i9788436812190 | ||
| 040 |
_aPE-LiUPU _bspa _cPE-LiUPU _erda |
||
| 049 | _aPRUA | ||
| 082 | 0 | 4 |
_a155.2 _bC71 _221 |
| 100 | 1 |
_aColom Marañón, B. Roberto, _eautor. |
|
| 245 | 1 | 0 |
_aPsicología de las diferencias individuales : _bteoría y práctica / _cB. Roberto Colom Marañón. |
| 264 | 1 |
_aMadrid : _bPirámide, _c[1998] . |
|
| 300 |
_a681 páginas : _bilustraciones ; _c24 centímetros. |
||
| 300 | _a02 CD-ROM | ||
| 336 |
_atext _2rdacontent |
||
| 337 |
_aunmediated _2rdamedia |
||
| 338 |
_avolume _2rdacarrier |
||
| 490 | 0 | _aPsicología | |
| 504 | _aIncluye bibliografía y glosario. | ||
| 505 | 0 | _aEl impacto social del estudio de las diferencias individuales -- Pasado de la Psicología de las diferencias individuales -- Fundamentos teóricos y metodológicos -- Diferencias individuales en inteligencia -- Diferencias individuales en Personalidad. Diferencias Individuales anormales. | |
| 526 | _aSEG68 | ||
| 526 | _aSEG70 | ||
| 526 | _aSEG69 | ||
| 526 | _aSEG67 | ||
| 526 | _aSEG43 | ||
| 526 | _aP144 | ||
| 526 | _aP143 | ||
| 526 | _aP131 | ||
| 526 | _aP122 | ||
| 526 | _aP120 | ||
| 526 | _aP117 | ||
| 526 | _aP112 | ||
| 526 | _aP110 | ||
| 526 | _aP106 | ||
| 526 | _aP101 | ||
| 526 | _aP80 | ||
| 526 | _aP59 | ||
| 526 | _aP54 | ||
| 526 | _aP35 | ||
| 526 | _aP33 | ||
| 526 | _aP30 | ||
| 541 | _g044-008278; | ||
| 541 | _g044-008278; | ||
| 650 | 0 | 4 |
_aInteligencia _xTeorías. |
| 650 | 0 | 4 |
_aPersonalidad _xTeorías. |
| 650 | 0 | 4 |
_aPsicología diferencial _vManuales. |
| 910 |
_agl _bjv _cng _d20120725 |
||
| 942 |
_2ddc _cBOOK |
||
| 949 |
_a155.2 C71 _wDEWEY _c1 _i65250 _lCCODEBUL1 _mBUL _p58.00 _r0 _sY _tBOOK _u2015-7-6 _xSALUD _PP33 _o.STAFF. Colección General |
||
| 949 |
_a155.2 C71 _wDEWEY _c2 _i65251 _lCCODEBUL1 _mBUL _p58.00 _r0 _sY _tBOOK _u2015-7-6 _xSALUD _PP33 _o.STAFF. Colección General |
||
| 994 |
_aC0 _bPEPRU |
||
| 596 | _a1 | ||
| 999 |
_a155.2 C71 _wDEWEY _c53850 _i65250 _d53850 _e2018-5-14 _f2021-11-3 _g5 _lCCODEBUL1 _mBUL _n2 _p58.00 _q1 _r0 _sY _tBOOK _u2015-7-6 _xSALUD _PP33 _0COMPRA _o.STAFF. Colección Ciencias de la Salud |
||
| 999 |
_a155.2 C71 _wDEWEY _c2 _i65251 _d2019-8-12 _e2017-8-10 _f2021-11-3 _g5 _lCCODEBUL1 _mBUL _n4 _p58.00 _q1 _r0 _sY _tBOOK _u2015-7-6 _xSALUD _PP33 _0COMPRA _o.STAFF. Colección Ciencias de la Salud |
||
| 980 |
_81 _gALBERTO SANCHEZ Responsable de Automatización |
||